| 000 | 01237nam a22001577a 4500 | ||
|---|---|---|---|
| 041 | _aukr | ||
| 080 | _a09 | ||
| 090 | _bСТР | ||
| 100 | _aСтрижалко О.О. | ||
| 245 | _aСловник-конкорданс як особливий тип лексикографічної праці | ||
| 260 |
_aОстрог _bКАФ _c2009 |
||
| 300 | _a48 | ||
| 520 |
_aВСТУП
РОЗДІЛ 1 СПЕЦИФІКА І СТРУКТУРА СЛОВНИКІВ-КОНКОРДАНСІВ, ЇХ МІСЦЕ В УКРАЇНСЬКІЙ ЛЕКСИКОГРАФІЇ
1.1 Місце словників конкордансів в українській лексикографії.
1.2 Історія появи конкордації. Визначення поняття конкордансу, його структура.
РОЗДІЛ 2 КОНКОРДАНС ЯК УПОРЯДКОВАНА ЕЛЕКТРОННА СТРУКТУРА ДАННИХ
2.1 Специфіка роботи із програмою конкорданс.
2.2 Конкордація як прийом у методах дослідження тексту.
ВИСНОВКИ _0словник-конкорданс, лексикографія |
||
| 650 | _aResearch Papers | ||
| 999 |
_c284675 _d284675 |
||
| 942 | _cBK | ||